Folklore, comunicación y didáctica (Record no. 69075)
[ view plain ]
| 000 -CABECERA | |
|---|---|
| campo de control de longitud fija | 00557nam a2200205 a 4500 |
| 005 - FECHA Y HORA DE LA ÚLTIMA TRANSACCIÓN | |
| campo de control | 20210219153131.0 |
| 008 - ELEMENTOS DE LONGITUD FIJA--INFORMACIÓN GENERAL | |
| campo de control de longitud fija | 991125n 000 0 u |
| 035 ## - NÚMERO DE CONTROL DEL SISTEMA | |
| Número de control de sistema | UPN01000079495 |
| 100 1# - ASIENTO PRINCIPAL--NOMBRE PERSONAL | |
| Nombre de persona | Nervi Fre, Juan Ricardo |
| 222 ## - TÍTULO CLAVE | |
| Título clave | PEDAGOGIA : |
| 222 ## - TÍTULO CLAVE | |
| Información calificativa | REVISTA DE LA UNIVERSIDAD PEDAGOGICA NACIONAL |
| 245 ## - MENCIÓN DE TÍTULO | |
| Título | Folklore, comunicación y didáctica |
| 300 ## - DESCRIPCIÓN FÍSICA | |
| Extensión | 29-32 |
| 362 0# - FECHAS DE PUBLICACIÓN Y/O DESIGNACIÓN SECUENCIAL | |
| Fecha de publicación y/o designación secuencial | 1987 Vol. 4, no. 9, ene.-mar. |
| 653 0# - TERMINO DE INDIZACION - NO CONTROLADO | |
| Término no controlado | COMUNICACION |
| 653 0# - TERMINO DE INDIZACION - NO CONTROLADO | |
| Término no controlado | CULTURA POPULAR |
| 653 0# - TERMINO DE INDIZACION - NO CONTROLADO | |
| Término no controlado | FOLKLORE |
| 904 ## - ELEMENTOS DE DATOS D LOCAL, LDD (RLIN) | |
| a | AC |
| b | 017306 |
| 905 ## - TIPO DE MATERIAL | |
| Tipo de material | Articulo |
No items available.
